000 00739nam a22002417a 4500
999 _c13112
_d13112
003 AR-CdUCM
008 190411b ||||| |||| 00| 0 spa d
020 _a978-9972-38-609-1
040 _aMUNICIPALIDAD PROVINCIAL DEL CUSCO
_cBIBLIOTECA MUNICIPAL DEL CUSCO
082 _aES / 373.808 /
_bD68
100 _aDíaz Herrera, Jorge
_91241
245 _aLas tentaciones de don Antonio /
260 _aLima :
_bSan Marcos,
300 _a186 paginas ;
_bIlustraciones, Graficos, Dibujos,
_c20 cm.
440 _aColección Súmmum
_931315
500 _aCuentos
650 _aCuentos
_9217
650 _aHistoria
_9136
650 _aLiteratura
_983
700 _aOsores, Lorenzo
_931316
942 _2ddc
_cLIBROS
945 _apjha
_d2019-04-11